Online
Catalog

Dove / (Record no. 57413)

MARC details
000 -CABECERA
campo de control de longitud fija 01034nam a2200313 i 4500
003 - IDENTIFICADOR DEL NÚMERO DE CONTROL
campo de control DO-SdBNP
005 - FECHA Y HORA DE LA ÚLTIMA TRANSACCIÓN
campo de control 20240812154913.0
007 - CAMPO FIJO DE DESCRIPCIÓN FÍSICA--INFORMACIÓN GENERAL
campo de control de longitud fija ta
008 - DATOS DE LONGITUD FIJA--INFORMACIÓN GENERAL
campo de control de longitud fija 240812s1972 xxuo 000 j spa d
020 ## - NÚMERO INTERNACIONAL ESTÁNDAR DEL LIBRO
Número Internacional Estándar del Libro 0553121359
040 ## - FUENTE DE LA CATALOGACIÓN
Centro catalogador/agencia de origen DO-SdBNP
Lengua de catalogación spa
Centro/agencia transcriptor BNPHU
Normas de descripción rda
082 ## - NÚMERO DE LA CLASIFICACIÓN DECIMAL DEWEY
Número de documento/Ítem G738
Número de edición 22
100 ## - ENTRADA PRINCIPAL--NOMBRE DE PERSONA
Nombre de persona Graham, Robin Lee.
9 (RLIN) 40605
Término indicativo de función/relación autor
245 10 - MENCIÓN DE TÍTULO
Título Dove /
Mención de responsabilidad, etc. Robin Lee Graham
264 #1 - PRODUCCIÓN, PUBLICACIÓN, DISTRIBUCIÓN, FABRICACIÓN Y COPYRIGHT
Producción, publicación, distribución, fabricación y copyright New York, Estados Unidos :
Nombre del de productor, editor, distribuidor, fabricante Harper & Row,
Fecha de producción, publicación, distribución, fabricación o copyright 1972.
264 #4 - PRODUCCIÓN, PUBLICACIÓN, DISTRIBUCIÓN, FABRICACIÓN Y COPYRIGHT
Fecha de producción, publicación, distribución, fabricación o copyright 1978.
300 ## - DESCRIPCIÓN FÍSICA
Extensión 199 páginas,
Otras características físicas fotografías
Dimensiones 18 cm.
336 ## - TIPO DE CONTENIDO
Fuente rdacontent
Término de tipo de contenido texto
Código de tipo de contenido txt
337 ## - TIPO DE MEDIO
Fuente rdamedia
Nombre/término del tipo de medio sin mediación
Código del tipo de medio n
338 ## - TIPO DE SOPORTE
Fuente rdacarrier
Nombre/término del tipo de soporte volumen
Código del tipo de soporte nc
500 ## - NOTA GENERAL
Nota general La biblioteca posee la décimo séptima reimpresión (17) del 1978.
590 ## - NOTA LOCAL (RLIN)
Nota local Inventariado, 2024/ YL
650 #4 - PUNTO DE ACCESO ADICIONAL DE MATERIA--TÉRMINO DE MATERIA
Término de materia o nombre geográfico como elemento de entrada Marineros
Subdivisión geográfica California
-- Biografía.
9 (RLIN) 86313
650 #4 - PUNTO DE ACCESO ADICIONAL DE MATERIA--TÉRMINO DE MATERIA
Término de materia o nombre geográfico como elemento de entrada Chicos adolescentes |
Subdivisión geográfica California
-- Biografía.
9 (RLIN) 86314
650 #4 - PUNTO DE ACCESO ADICIONAL DE MATERIA--TÉRMINO DE MATERIA
Término de materia o nombre geográfico como elemento de entrada Navegación en solitario.
9 (RLIN) 86315
650 #4 - PUNTO DE ACCESO ADICIONAL DE MATERIA--TÉRMINO DE MATERIA
Término de materia o nombre geográfico como elemento de entrada Viajes alrededor del mundo.
9 (RLIN) 42584
910 ## - DATOS DE OPCIÓN DEL USUARIO (OCLC)
Datos de opción del usuario YLockward
942 ## - ELEMENTOS DE PUNTO DE ACCESO ADICIONAL (KOHA)
Fuente del sistema de clasificación o colocación Dewey Decimal Classification
Tipo de ítem Koha Libro
Holdings
Estado de retiro Estado de pérdida Fuente del sistema de clasificación o colocación Restricciones de uso No para préstamo Código de colección Localización permanente Ubicación/localización actual Ubicación en estantería Fecha de adquisición Fuente de adquisición Total de préstamos Signatura topográfica completa Código de barras Fecha visto por última vez Precio válido a partir de Tipo de ítem Koha
    Dewey Decimal Classification Préstamo en sala   General Biblioteca Nacional Pedro Henríquez Ureña Biblioteca Nacional Pedro Henríquez Ureña En catalogación 29.01.2015 Donación   G738 2024-4760 12.08.2024 12.08.2024 Libro

Powered by Koha